000 00707nam a2200289Ia 4500
005 20260324133457.0
008 008 260324s9999 xx 000 0 eng d
020 _a9780429224737
037 _aEBOOK
040 _aCRL
040 _beng
040 _cCRL
041 _2eng
041 _aeng
084 _qCRL
100 _aIan Simmers
_91193245
245 0 _aUnderstanding Water in a Dry Environment
245 0 _bIAH International Contributions to Hydrogeology 23
260 _bTaylor and Francis
260 _c2003
365 _a
365 _b480
856 _uhttp://www.taylorfrancis.com/books/9780429224737
942 _cEBOOK
999 _c1792310
_d1792310